00824nam a2200229 a 4500001001300000003000900013005001700022008004100039020001800080040002800098041000800126082002000134100003500154245012200189260003800311300005800349490002600407534003600433600005400469700003300523700003800556C01520081c-9CO-ViMGA20230915233143.0160419s2014 sp o gr 00010 spa d a9788415277781 aCO-ViMGAbspacCO-ViMGA1 hpol04a920 bM76b 2191 aMrozek, Slawomir, d1930-2013.10aBaltasar : b(una autobiografía) / cSlawomir Mrozek ; traducción del polaco de Anna Rubió y Jerzy Slawomirski. aBarcelona : bAcantilado, c2014. a248 páginas, [24] páginas de láminas ; c21 cm.1 aEl Acantilado ; v286 pTítulo original : tBaltazar.14aMrozek, Slawomir, d1930-2013v Autobiografías.1 aRubió, Anna, etraductora.1 aSlawomirski, Jerzy, etraductora.